Flagi krajów nieuznawanych/regionów autonomicznych/grup etnicznych - Statystyki

Ogólne statystyki
  • Ten quiz został rozwiązany 276 razy
    160 od ostatniego zresetowania
  • Średni wynik to 16 z 51
Statystyki odpowiedzi
Obrazkowy Odpowiedź % Poprawnych
Grenlandia
75%
Szkocja
74%
Tajwan
74%
Palestyna
71%
Abchazja
67%
Kurdystan
67%
Cypr Północny
63%
Katalonia
63%
Naddniestrze
61%
Tybet
58%
Osetia Południowa
57%
Sahara Zachodnia
57%
Somaliland
56%
Górski Karabach
50%
Wyspy Alandzkie
50%
Czeczenia
43%
Kraj Basków
43%
Doniecka Republika Ludowa
40%
Ługańska Republika Ludowa
39%
Krym
38%
Quebec
35%
Laponia
33%
Kaszmir
31%
Bretania
29%
Gagauzja
29%
Romowie
29%
Adżaria
28%
Dagestan
19%
Karelia
19%
Andaluzja
18%
Biafra
18%
Fryzja
18%
Tatarstan
18%
Darfur
15%
Morawy
15%
Herceg Bośnia
13%
Noworosja
11%
Azawad
10%
Tatarzy Krymscy
10%
Adygeja
8%
Serbska Krajina / Republika Serbskiej Krajiny
7%
Waziristan
7%
Arumunia
4%
Flamandia
4%
Jakucja (Sacha)
4%
Katanga
4%
Turkiestan Chiński
4%
Zachodnia Bośnia
4%
Berberia
3%
Nachiczewańska Republika Autonomiczna/ Nachiczewan
3%
Lezgistan
1%
Nie znaleziono quizów pasujących do podanych kryteriów
Rozkład punktacji
Procent ludzi z każdym wynikiem
Percentyl według liczby udzielonych odpowiedzi
Twoja historia wyników
Nie rozwiązałeś tego quizu od ostatniego zresetowania